| 000 | 01171cam a22002174a 4500 | ||
|---|---|---|---|
| 005 | 20250605164041.0 | ||
| 008 | 250528s ||||||||||||||||||||||||d | ||
| 035 | _a16994 | ||
| 020 | _a198279973 | ||
| 040 |
_aGR-AtMCL _bgre _dGR-AtMCL _eAACR2 |
||
| 245 | 1 | _aOur Global Neighborhood / The Report of the Commission on Global Governance | |
| 250 | _a1st | ||
| 260 |
_bOxford University Press, _c1995 |
||
| 300 | _a410 | ||
| 520 | _aFuture systems for a human global order must reflect our shared responsibility for our planet. Co-Chairmen's Foreword, The Concept of Global Governance, A New World, Values for the Global Neighborhood, Neighborhood Realities, Promoting Security, The Changed Nature of Global Security, Managing Economic Interdependence, Challenges to Global Economic Governance, Reforming the United Nations, The Security Council, Strengthening the Rule of Law Worldwide, Unfulfilled Potential, A Call to Action, Summary of Commission Proposals, The Commission and Its Work, Bibliography, Sources for Figures, Index. | ||
| 700 | 1 |
_aCarlsson Ingvar _93117 |
|
| 700 | 1 |
_aRamphal Shridath _93118 |
|
| 942 | _cBK | ||
| 999 |
_c2435 _d2435 |
||